01421nas a2200265 i 4500003000900000005001700009007000300026008004100029040003000070041000800100110003800108245001600146264006700162300005200229336002700281337003400308338002800342362004600370500007500416500037200491650008000863942001500943952018000958999001701138DO-SdBNP20260630151416.0ta260630e1978 dr qn|p|r||||||0| | spa d aDO-SdBNPbspacBNPHUerda aspa aCentral Romana Corporation990457 aEl Papagayo aSanto Domingo, República Dominicana : bEl Heraldo, c1978-. avolumen : bilustraciones, retratos , c28 cm.  atextobtxt2rdacontent asin mediación bn2rdamedia avolumenbnc2rdacarrier aAño 2. Número 5, agosto-octubre 1978. aCatalogación basada en el: Año 2. Número 5, agosto-octubre 1978. aUn cambio significativo en la dirección del Central Romana fue la designación del ingeniero Carlos Morales Trancoso como presidente de la empresa, y del ingeniero Eduardo Martínez Lima y del licenciado Ramón Menéndez, como vicepresidente ejecutivo, Durante esa época la empresa empezó el proceso de diversificación hacia otras áreas como el turismo. 0aEntretenimientovPublicaciones periódicas 963790zRepública Dominicana 2ddccISSUE 00102ddc4056708SEaBNPHUbBNPHUd2026-06-30hAño 2. Número 5, agosto-octubre 1978l0p2026-5641r2026-06-30te.1w2026-06-30yISSUEzDisponible en Sala de Hemeroteca. c60977d60977